Priamy a nepriamy predmet v slovenčine a španielčine

Analýza ekvivalentov a rozdiely medzi priamym a nepriamym predmetom v španielčine a akuzatívom a datívom v slovenčine. Správne používanie zámen v datíve a akuzatíve v obidvoch jazykoch. Chyby a interferencie v používaní zámen u slovensky hovoriacich.

Guardado en:
Detalles Bibliográficos
Autor principal: Spišiaková, Mária, 1973-
Formato: Capítulo de libro
Lenguaje:eslovaco
Materias:
Etiquetas: Agregar Etiqueta
Sin Etiquetas, Sea el primero en etiquetar este registro!

MARC

LEADER 00000nla a2200000 4500
001 0207712
005 20240502073443.9
041 0 |a slo 
044 |a SK 
245 1 0 |a Priamy a nepriamy predmet v slovenčine a španielčine  |c Mária Spišiaková 
520 |a Analýza ekvivalentov a rozdiely medzi priamym a nepriamym predmetom v španielčine a akuzatívom a datívom v slovenčine. Správne používanie zámen v datíve a akuzatíve v obidvoch jazykoch. Chyby a interferencie v používaní zámen u slovensky hovoriacich. 
610 2 0 |a slovenčina 
610 2 0 |a španielčina 
610 2 0 |a jazykoveda 
610 2 0 |a jazyky cudzie 
610 2 0 |a literatúra 
610 2 0 |a gramatika 
610 2 0 |a štylistika 
610 2 0 |a slovotvorba 
100 1 |a Spišiaková, Mária, 1973-